000 00274nam a2200109Ia 4500
008 200302s9999 xx 000 0 und d
100 _aG. Duncan Mitchell ed.,
245 _aA new Dictionary of Sociology
260 _bRoutledge Co., Ltd.,
260 _c1989
300 _a244 P.,
999 _c2159
_d2159